| 000 | 00725nam a2200241 a 4500 | ||
|---|---|---|---|
| 001 | BRCA_5429 | ||
| 005 | 20190320205056.0 | ||
| 008 | 131210s1920----gw-a######---#000-0#ger-# | ||
| 041 | _ager | ||
| 044 | _agw | ||
| 050 | 4 |
_aND588 _b.P47 1920 |
|
| 100 | 1 |
_aPestalozzi-Pfyffer, A. _913865 |
|
| 245 | 1 | 0 |
_aDer Meister E.S. und die Schongauer _cvon A. Pestalozzi-Pfyffer. |
| 260 |
_aAlemania _bJ.P. Bachem _c[1920] |
||
| 300 |
_a94 p. _bil., (algunas acolor) 54 láminas _c25 cm. |
||
| 500 | _aIncluye índice de ilustraciones y apéndice | ||
| 500 | _aE145 | ||
| 600 | 1 | 4 |
_aSchongauer, Martin _d1445-1491 _913015 |
| 650 | 1 | 4 |
_aPintores alemanes _9797 |
| 650 | 1 | 4 |
_aGrabadores alemanes _97216 |
| 902 | _aGFM | ||
| 942 |
_2lcc _cB |
||
| 999 |
_c5123 _d5123 |
||